| 000 | 00568cam a2200145 4500500 | ||
|---|---|---|---|
| 005 | 20251228082901.0 | ||
| 041 | _afre | ||
| 042 | _adc | ||
| 100 | 1 | 0 |
_aGreiner, Frank _eauthor |
| 245 | 0 | 0 | _aMichel Jeanneret, Éros rebelle. Littérature et dissidence à l’âge classique, Paris, Le Seuil, 2003. Un vol. 14 × 20 cm de 332 p. |
| 260 | _c2005. | ||
| 500 | _a13 | ||
| 786 | 0 | _nDix-septième siècle | 226 | 1 | 2005-03-01 | p. 165e-186e | 0012-4273 | |
| 856 | 4 | 1 | _uhttps://shs.cairn.info/revue-dix-septieme-siecle-2005-1-page-165e?lang=fr&redirect-ssocas=7080 |
| 999 |
_c1599974 _d1599974 |
||